Bí quyết đối mặt với căng thẳng của người thành công : Những công cụ hữu ích giúp bạn bình tĩnh, tự tin, làm việc hiệu quả khi phải đối mặt với áp lực

Sách cung cấp những bí quyết để thành công khi phải đối mặt với áp lực như thay đổi cách nhìn nhận để tìm ra giải pháp mới, học cách tập trung khi đang quá tải, lấy lại năng lượng khi đang kiệt sức, giữ bình tĩnh khi bạn lo lắng và giải q...

Πλήρης περιγραφή

Αποθηκεύτηκε σε:
Λεπτομέρειες βιβλιογραφικής εγγραφής
Κύριος συγγραφέας: Melnick, Sharon
Μορφή: Βιβλίο
Γλώσσα:Undetermined
Έκδοση: Hà Nội Lao động 2014
Θέματα:
Ετικέτες: Προσθήκη ετικέτας
Δεν υπάρχουν, Καταχωρήστε ετικέτα πρώτοι!
Thư viện lưu trữ: Trung tâm Học liệu Trường Đại học Cần Thơ
LEADER 01281nam a2200217Ia 4500
001 CTU_203459
008 210402s9999 xx 000 0 und d
020 |c 110000 
082 |a 158.72 
082 |b M522 
100 |a Melnick, Sharon 
245 0 |a Bí quyết đối mặt với căng thẳng của người thành công : 
245 0 |b Những công cụ hữu ích giúp bạn bình tĩnh, tự tin, làm việc hiệu quả khi phải đối mặt với áp lực 
245 0 |c Sharon Melnick ; Nguyễn Hoài Linh (dịch) 
260 |a Hà Nội 
260 |b Lao động 
260 |c 2014 
520 |a Sách cung cấp những bí quyết để thành công khi phải đối mặt với áp lực như thay đổi cách nhìn nhận để tìm ra giải pháp mới, học cách tập trung khi đang quá tải, lấy lại năng lượng khi đang kiệt sức, giữ bình tĩnh khi bạn lo lắng và giải quyết căng thẳng từ gốc rễ. 
650 |a Căng thẳng do công việc,Kiểm soát căng thẳng,Stress management,Job stress 
904 |i Tuyến 
980 |a Trung tâm Học liệu Trường Đại học Cần Thơ